[Event "7th Cesme Open-A 2019"]
[Site "Cesme"]
[Date "2019.06.28"]
[Round "7"]
[White "Caputcuoglu, Zeki Berke"]
[Black "Gokerkan, Cem Kaan"]
[Result "0-1"]
[WhiteElo "2097"]
[BlackElo "2415"]
[Annotator "NA"]
[PlyCount "136"]
[EventDate "2019.06.24"]
[EventType "swiss"]
[EventCountry "TUR"]
[SourceTitle "playchess.com"]
[Source "ChessBase"]
[SourceQuality "1"]
[TimeControl "5400+30"]

1. Nf3 {[%emt 0:00:30]} Nf6 {[%emt 0:08:30]} 2. d4 {[%emt 0:00:00]} e6 {[%emt 0:00:30]} 3. c4 {[%emt 0:00:00]} d5 {[%emt 0:00:00]} 4. Nc3 {[%emt 0:00:30]} Be7 {[%emt 0:01:00]} 5. Bg5 {[%emt 0:01:30]} O-O {[%emt 0:01:30]} 6. e3 {[%emt 0:00:30]} h6 {[%emt 0:00:30]} 7. Bh4 {[%emt 0:00:30]} Nbd7 {[%emt 0:05:30]} 8. Bd3 {[%emt 0:01:30]} c5 {[%emt 0:10:30]} 9. cxd5 {[%emt 0:04:30]} exd5 {[%emt 0:05:30]} 10. O-O {[%emt 0:01:30]} c4 $14 {[%emt 0:01:30]} 11. Bc2 {[%emt 0:05:30]} b5 {[%emt 0:01:30]} 12. Ne5 {[%emt 0:10:30]} Nxe5 {[%emt 0:10:30]} 13. dxe5 {[%emt 0:00:30]} Ng4 {[%emt 0:00:00]} 14. Bg3 {[%emt 0:04:30]} Bh4 {[%emt 0:00:00]} 15. Qxd5 {[%emt 0:29:30]} Bxg3 {[%emt 0:01:30]} 16. hxg3 {[%emt 0:00:30]} Qxd5 {[%emt 0:00:30]} 17. Nxd5 {[%emt 0:00:30]} Nxe5 {[%emt 0:00:00]} 18. a4 {[%emt 0:00:00]} b4 {[%emt 0:00:00]} 19. Rfd1 {[%emt 0:13:00]} a5 {[%emt 0:02:30]} 20. Nb6 {[%emt 0:02:30]} Rb8 {[%emt 0:17:30]} 21. Rd5 {[%emt 0:03:02]} Rxb6 {[%emt 0:02:30]} 22. Rxe5 {[%emt 0:00:06]} b3 {[%emt 0:06:30]} 23. Be4 {[%emt 0:02:42]} Re6 {[%emt 0:00:30]} 24. Rxe6 {[%emt 0:02:29]} Bxe6 {[%emt 0:00:30]} 25. Kf1 {[%emt 0:03:49]} f5 {[%emt 0:00:30]} 26. Bc6 {[%emt 0:00:32]} c3 {[%emt 0:01:30]} 27. bxc3 {[%emt 0:00:30]} Rc8 {[%emt 0:00:00]} 28. Bb5 {[%emt 0:00:22]} Rxc3 {[%emt 0:00:00]} 29. Rb1 {[%emt 0:00:26]} Kf7 {[%emt 0:03:45]} 30. Ke1 {[%emt 0:01:09]} Ke7 {[%emt 0:00:31]} 31. Rb2 {[%emt 0:01:18]} Rc1+ {[%emt 0:01:32]} 32. Kd2 {[%emt 0:00:14]} Ra1 {[%emt 0:00:19]} 33. Kc3 {[%emt 0:01:09]} Kd6 {[%emt 0:00:37]} 34. Be8 {[%emt 0:03:38]} Kc5 {[%emt 0:00:37]} 35. Bb5 {[%emt 0:00:02]} Rc1+ {[%emt 0:00:28]} 36. Kd2 {[%emt 0:02:28]} Rg1 {[%emt 0:00:02]} 37. Kc3 {[%emt 0:00:33]} Rxg2 {[%emt 0:00:09]} 38. Rd2 {[%emt 0:01:18]} g5 {[%emt 0:01:21]} 39. Be8 {[%emt 0:01:12]} Rh2 {[%emt 0:00:28]} 40. Bg6 {[%emt 0:00:54]} Rh1 {[%emt 0:04:23]} 41. Kb2 {[%emt 0:00:14]} Re1 {[%emt 0:00:00]} 42. Bh5 {[%emt 0:00:27]} Rf1 {[%emt 0:01:20]} 43. Bd1 {[%emt 0:00:27]} Kb4 {[%emt 0:01:15]} 44. Rd4+ {[%emt 0:00:01]} Kc5 {[%emt 0:00:25]} 45. Rd2 {[%emt 0:00:01]} Bf7 {[%emt 0:04:53]} 46. Bxb3 {[%emt 0:01:05]} h5 {[%emt 0:00:30]} 47. Re2 {[%emt 0:00:30]} Bxb3 {[%emt 0:00:30]} 48. Kxb3 {[%emt 0:00:30]} Kd5 {[%emt 0:00:30]} 49. Rd2+ {[%emt 0:00:30]} Ke4 {[%emt 0:01:42]} 50. Kc4 {[%emt 0:01:03]} Kf3 {[%emt 0:01:40]} 51. Rd5 {[%emt 0:01:20]} Kg4 {[%emt 0:00:02]} 52. Rd2 {[%emt 0:00:20]} h4 {[%emt 0:02:39]} 53. Rd4+ {[%emt 0:00:48]} Kh5 {[%emt 0:00:00]} 54. gxh4 {[%emt 0:01:51]} gxh4 {[%emt 0:00:02]} 55. Rf4 {[%emt 0:02:10]} h3 {[%emt 0:00:13]} 56. Rxf5+ {[%emt 0:00:13]} Kg6 {[%emt 0:00:16]} 57. Rf3 {[%emt 0:00:07]} h2 {[%emt 0:00:30]} 58. Rh3 {[%emt 0:00:00]} h1=Q {[%emt 0:00:00]} 59. Rxh1 {[%emt 0:00:27]} Rxh1 {[%emt 0:00:29]} 60. Kb5 {[%emt 0:00:00]} Rh5+ {[%emt 0:00:00]} 61. Ka6 {[%emt 0:00:00]} Kf6 {[%emt 0:00:01]} 62. f4 {[%emt 0:00:04]} Rf5 {[%emt 0:01:13]} 63. Kb6 {[%emt 0:00:47]} Ke7 {[%emt 0:00:15]} 64. Kc6 {[%emt 0:00:48]} Ke6 {[%emt 0:00:09]} 65. Kb6 {[%emt 0:00:09]} Kd6 {[%emt 0:00:06]} 66. e4 {[%emt 0:00:50]} Rxf4 {[%emt 0:00:16]} 67. e5+ {[%emt 0:00:10]} Kxe5 {[%emt 0:00:30]} 68. Kxa5 {[%emt 0:00:30]} Kd6 {[%emt 0:00:00]} 0-1

[Event "7th Cesme Open-A 2019"]
[Site "Cesme"]
[Date "2019.06.28"]
[Round "7"]
[White "Rzayev, Askar Aliakbar"]
[Black "Guliev, Logman"]
[Result "1-0"]
[WhiteElo "2089"]
[BlackElo "2320"]
[Annotator "NA"]
[PlyCount "92"]
[EventDate "2019.06.24"]
[EventType "swiss"]
[EventCountry "TUR"]
[SourceTitle "playchess.com"]
[Source "ChessBase"]
[SourceQuality "1"]
[TimeControl "5400+30"]

1. d4 {[%emt 0:00:30]} Nf6 {[%emt 0:00:30]} 2. Nf3 {[%emt 0:00:30]} e6 {[%emt 0:00:30]} 3. g3 {[%emt 0:00:00]} d5 {[%emt 0:00:30]} 4. Bg2 {[%emt 0:00:00]} c5 {[%emt 0:00:00]} 5. O-O {[%emt 0:00:30]} Be7 {[%emt 0:00:00]} 6. dxc5 {[%emt 0:00:30]} Bxc5 {[%emt 0:00:30]} 7. c4 {[%emt 0:00:30]} Nc6 {[%emt 0:00:30]} 8. a3 {[%emt 0:00:30]} O-O {[%emt 0:00:00]} 9. b4 {[%emt 0:00:30]} Be7 {[%emt 0:00:00]} 10. cxd5 {[%emt 0:00:30]} Nxd5 {[%emt 0:01:30]} 11. Bb2 {[%emt 0:00:30]} Bf6 {[%emt 0:00:30]} 12. Qb3 {[%emt 0:00:30]} a5 {[%emt 0:11:30]} 13. e4 {[%emt 0:02:30]} a4 {[%emt 0:04:30]} 14. Qc2 {[%emt 0:00:30]} Bxb2 {[%emt 0:00:30]} 15. Qxb2 {[%emt 0:00:00]} Nb6 {[%emt 0:00:30]} 16. Nc3 {[%emt 0:03:00]} Bd7 {[%emt 0:18:30]} 17. Rfd1 {[%emt 0:06:30]} Qf6 {[%emt 0:02:30]} 18. b5 {[%emt 0:09:30]} Na5 {[%emt 0:06:30]} 19. e5 {[%emt 0:01:30]} Qe7 {[%emt 0:00:30]} 20. Ne4 {[%emt 0:00:30]} Nac4 {[%emt 0:14:30]} 21. Qd4 {[%emt 0:01:30]} Rfd8 {[%emt 0:06:30]} 22. Nd6 {[%emt 0:17:30]} Bxb5 {[%emt 0:09:30]} 23. Qf4 {[%emt 0:01:30]} Ba6 {[%emt 0:01:30]} 24. Ng5 {[%emt 0:05:30]} h6 {[%emt 0:02:06]} 25. Qxf7+ {[%emt 0:03:30]} Qxf7 {[%emt 0:00:32]} 26. Ngxf7 {[%emt 0:00:00]} Rd7 {[%emt 0:00:40]} 27. Bh3 {[%emt 0:05:00]} Re7 {[%emt 0:01:49]} 28. Nxc4 {[%emt 0:00:30]} Bxc4 {[%emt 0:00:26]} 29. Nd6 {[%emt 0:00:30]} Bb3 {[%emt 0:00:52]} 30. Rd4 {[%emt 0:02:30]} Nd5 {[%emt 0:01:31]} 31. Rc1 {[%emt 0:00:30]} Kh7 {[%emt 0:00:54]} 32. Bf1 {[%emt 0:01:30]} b6 {[%emt 0:01:07]} 33. Bd3+ {[%emt 0:01:30]} g6 {[%emt 0:00:30]} 34. Rg4 {[%emt 0:00:30]} Rg8 {[%emt 0:00:44]} 35. Rc8 {[%emt 0:02:30]} Rxc8 {[%emt 0:04:33]} 36. Bxg6+ {[%emt 0:00:30]} Kh8 {[%emt 0:00:00]} 37. Nxc8 {[%emt 0:00:00]} Rc7 {[%emt 0:01:43]} 38. Nd6 {[%emt 0:00:00]} Bd1 {[%emt 0:00:00]} 39. f3 {[%emt 0:08:30]} Bxf3 {[%emt 0:00:00]} 40. Rxa4 {[%emt 0:00:30]} Ne3 {[%emt 0:03:47]} 41. h3 {[%emt 0:02:30]} Bd5 {[%emt 0:00:01]} 42. Kf2 {[%emt 0:03:30]} Nd1+ {[%emt 0:02:24]} 43. Ke1 {[%emt 0:00:30]} Ne3 {[%emt 0:03:10]} 44. Ke2 {[%emt 0:01:30]} Nc2 {[%emt 0:00:27]} 45. Bd3 {[%emt 0:01:30]} Na1 {[%emt 0:01:47]} 46. Rh4 {[%emt 0:00:30]} Kg7 {[%emt 0:00:09]} 1-0

[Event "7th Cesme Open-A 2019"]
[Site "Cesme"]
[Date "2019.06.28"]
[Round "7"]
[White "Unat, Can Haktan"]
[Black "Rzayev, Bahruz"]
[Result "1-0"]
[WhiteElo "2079"]
[BlackElo "2340"]
[Annotator "NA"]
[PlyCount "77"]
[EventDate "2019.06.24"]
[EventType "swiss"]
[EventCountry "TUR"]
[SourceTitle "playchess.com"]
[Source "ChessBase"]
[SourceQuality "1"]
[TimeControl "5400+30"]

1. d4 {[%emt 0:00:30]} c5 {[%emt 0:01:30]} 2. d5 {[%emt 0:02:30]} e5 {[%emt 0:00:30]} 3. Nc3 {[%emt 0:01:30]} d6 {[%emt 0:00:00]} 4. e4 {[%emt 0:04:30]} Nf6 {[%emt 0:01:00]} 5. Nf3 {[%emt 0:04:30]} Be7 {[%emt 0:00:30]} 6. Be2 {[%emt 0:00:30]} O-O {[%emt 0:01:30]} 7. O-O {[%emt 0:00:30]} Ne8 {[%emt 0:00:30]} 8. Nd2 {[%emt 0:00:30]} f5 {[%emt 0:00:30]} 9. exf5 {[%emt 0:00:30]} Bxf5 {[%emt 0:00:00]} 10. Bg4 {[%emt 0:00:30]} Qc8 {[%emt 0:00:00]} 11. Bxf5 {[%emt 0:05:30]} Qxf5 {[%emt 0:00:30]} 12. Nc4 {[%emt 0:07:30]} Nd7 $14 {[%emt 0:02:30]} 13. f4 {[%emt 0:03:30]} Qg6 {[%emt 0:02:30]} 14. Qe2 {[%emt 0:03:30]} Nc7 {[%emt 0:00:30]} 15. a4 {[%emt 0:02:30]} Rae8 {[%emt 0:01:30]} 16. fxe5 {[%emt 0:02:30]} Rxf1+ {[%emt 0:00:30]} 17. Kxf1 {[%emt 0:01:30]} Nxe5 {[%emt 0:00:30]} 18. Nxe5 {[%emt 0:00:30]} dxe5 {[%emt 0:00:00]} 19. Be3 {[%emt 0:00:30]} e4 {[%emt 0:03:00]} 20. Kg1 {[%emt 0:01:30]} Bd6 {[%emt 0:01:30]} 21. Rf1 {[%emt 0:01:30]} b6 {[%emt 0:01:30]} 22. Bf4 {[%emt 0:08:30]} h6 {[%emt 0:02:30]} 23. Qe3 {[%emt 0:02:30]} Kh8 {[%emt 0:04:30]} 24. Qg3 {[%emt 0:02:30]} Qxg3 {[%emt 0:01:30]} 25. hxg3 {[%emt 0:01:30]} Rd8 {[%emt 0:06:30]} 26. Re1 {[%emt 0:05:30]} Kg8 {[%emt 0:01:30]} 27. Kf2 {[%emt 0:01:30]} Kf7 {[%emt 0:00:30]} 28. Rd1 {[%emt 0:05:30]} Kg6 {[%emt 0:01:30]} 29. Ke3 {[%emt 0:00:30]} Kf5 {[%emt 0:00:00]} 30. Rf1 {[%emt 0:00:30]} Kg4 {[%emt 0:12:00]} 31. Bxd6 {[%emt 0:00:30]} Rxd6 {[%emt 0:00:30]} 32. Rf4+ {[%emt 0:00:00]} Kh5 {[%emt 0:04:30]} 33. Kxe4 {[%emt 0:00:00]} Rd7 {[%emt 0:03:30]} 34. Kf5 {[%emt 0:06:30]} g6+ {[%emt 0:01:30]} 35. Ke5 {[%emt 0:00:30]} g5 {[%emt 0:00:30]} 36. Rf8 {[%emt 0:00:30]} Kg4 {[%emt 0:00:00]} 37. d6 {[%emt 0:00:30]} Kxg3 {[%emt 0:00:00]} 38. Ne4+ {[%emt 0:00:30]} Kxg2 {[%emt 0:00:30]} 39. Nf6 {[%emt 0:00:30]} 1-0

[Event "7th Cesme Open-A 2019"]
[Site "Cesme"]
[Date "2019.06.29"]
[Round "8"]
[White "Baklan, Vladimir"]
[Black "Iskandarov, Misratdin"]
[Result "0-1"]
[WhiteElo "2620"]
[BlackElo "2502"]
[Annotator "TA"]
[PlyCount "40"]
[EventDate "2019.06.24"]
[EventType "swiss"]
[EventCountry "TUR"]
[SourceTitle "playchess.com"]
[Source "ChessBase"]
[SourceQuality "1"]

{[%evp 24,112,43,41,55,46,114,109,112,108,123,54,43,0,0,0,0,0,0,0,0,0,-4,-9,-18,-8,-2,-8,-10,-19,-10,-9,-4,-16,-9,-24,-22,-10,-11,-70,-69,-82,-77,-160,-132,-100,-28,-28,-28,-27,-28,-14,-14,-14,-16,-28,-10,-22,-8,-10,-10,-9,-9,-12,-10,-50,-41,-36,-58,-82,-82,-578,-591,-576,-391,-329,-275,-1815,-536,-29945,-29945,-10392,-8592,-6133,-4614,-29981,-29982,-29981,-29982,-29982,-29983]} 1. e4 c5 2. Nf3 Nc6 3. d4 cxd4 4. Nxd4 Nf6 5. Nc3 d6 6. Bg5 e6 7. Qd2 Be7 8. O-O-O a6 9. f4 Bd7 10. Nf3 b5 11. Bxf6 gxf6 12. Kb1 Qb6 13. f5 Ne5 {[%cal Bc6e5,Be5c4,Bc4e3][%mdl 32] B69: Sicilian: Richter-Rauzer: 7...a6 8 0-0-0 Bd7 9 f4 Be7 10 Nf3 b5 11 Bxf6} 14. Nd4 {[#]} b4 $146 (14... h5 $14) ({Predecessor:} 14... Qb7 15. fxe6 fxe6 16. Bd3 O-O-O 17. Nce2 Kb8 18. Nf4 Nxd3 19. Nxd3 Qxe4 20. Nf4 e5 21. Rhe1 {0-1 (74) Huschenbeth,N (2585)-Alekseenko,K (2637) chess.com INT 2019}) 15. fxe6 $1 $16 fxe6 {White is better.} 16. Nce2 Nc4 17. Qd3 ({White should try} 17. Qh6 $16) 17... Rc8 $1 $14 18. Nc1 e5 $36 {[%mdl 2048] Black is pushing.} 19. Nf5 Bxf5 20. exf5 a5 {Played: d6-d5} 0-1

[Event "7th Cesme Open-A 2019"]
[Site "Cesme"]
[Date "2019.06.29"]
[Round "8"]
[White "Quparadze, Giga"]
[Black "Chighladze, Iveri"]
[Result "1-0"]
[WhiteElo "2498"]
[BlackElo "2317"]
[Annotator "TA"]
[PlyCount "105"]
[EventDate "2019.06.24"]
[EventType "swiss"]
[EventCountry "TUR"]
[SourceTitle "playchess.com"]
[Source "ChessBase"]
[SourceQuality "1"]

{[%evp 25,105,45,76,72,117,84,104,80,90,83,136,114,114,114,114,114,176,175,175,165,202,202,197,206,310,182,182,182,182,182,182,182,196,196,204,204,204,196,196,196,196,182,218,218,235,227,554,562,454,310,543,302,302,302,302,302,302,278,325,302,502,395,452,388,765,739,1101,1101,1108,1714,1097,1037,1008,963,1703,1634,3319,2276,29989,29990,29990,29991]} 1. e4 Nf6 2. e5 Nd5 3. Nf3 d6 4. d4 Bg4 5. Be2 e6 6. O-O Be7 7. c4 Nb6 8. h3 Bh5 9. Be3 O-O 10. Nc3 d5 11. c5 Bxf3 12. gxf3 Nc8 13. f4 f5 14. b4 {B05: Alekhine's Defence: 4 Nf3 Bg4} b6 {[#]} 15. Kh2 $146 ({Predecessor:} 15. a3 c6 16. Kh2 Rf7 17. Na4 Bf8 18. Rc1 Rb7 19. Bd2 g6 20. Bd3 Kh8 21. Qf3 b5 {½-½ (40) Byrne,R (2550)-Vukic,M (2480) Bugojno 1978}) 15... Bh4 16. Rg1 {White is better.} Nc6 17. a3 {[%cal Ba2a3,Ba3a4,Ba4a5,Ba5a6][%mdl 32]} N6e7 ({Black should try} 17... N8e7) 18. Nb1 {[%cal Bc3b1,Bb1d2,Bd2f3][%mdl 32]} Ng6 19. Nd2 Nce7 20. Nf3 Kh8 (20... a6 $16) 21. b5 $18 Ng8 22. a4 Nh6 23. a5 Be7 24. Qc2 Qd7 (24... Re8 {might work better.} 25. axb6 axb6 26. cxb6 cxb6 27. Rxa8 Qxa8) 25. Ra2 (25. axb6 $142 axb6 26. cxb6 cxb6 27. Qc6 Qxc6 28. bxc6 Rxa1 29. Rxa1) 25... Nh4 {and if ...Nxf3+ works, Black does fine.} 26. Nxh4 Bxh4 27. cxb6 axb6 28. a6 Nf7 29. Rc1 Rfc8 30. Qc6 Qe7 31. Rac2 {Threatens to win with Qb7.} Nd8 32. Qc3 Qd7 33. Qb2 h6 34. Bh5 Be7 35. Bd2 c5 $2 {[#]} (35... Bh4 {is tougher.} 36. Kg2 g6) 36. bxc6 $1 Qc7 37. Be2 Ra7 $2 (37... Kh7 {is a better defense.} 38. Qb3 Bh4) 38. Bb4 Bxb4 39. Qxb4 {aiming for Qf8+.} Nf7 40. Rg1 Kh7 41. Qb3 g6 42. Bb5 g5 $2 (42... Qe7 {was worth a try.} 43. Qg3 Rg8) 43. Qf3 Rg8 44. Qh5 Raa8 $2 (44... Kg7 45. Rc3 Qe7) 45. fxg5 {White threatens g6+ and mate.} Rxg5 46. Rxg5 Nxg5 47. f4 Nf7 48. Rg2 Nh8 {[#]} 49. Bd3 $1 {Bxf5+! would kill now.} Rf8 50. Qg4 Qe7 51. Qg3 Qc7 52. Be2 Qe7 53. Bh5 {Accuracy: White = 68%, Black = 31%.} 1-0

[Event "7th Cesme Open-A 2019"]
[Site "Cesme"]
[Date "2019.06.29"]
[Round "8"]
[White "Gokerkan, Cem Kaan"]
[Black "Bernadskiy, Vitaliy"]
[Result "1/2-1/2"]
[WhiteElo "2415"]
[BlackElo "2578"]
[Annotator "TA"]
[PlyCount "43"]
[EventDate "2019.06.24"]
[EventType "swiss"]
[EventCountry "TUR"]
[SourceTitle "playchess.com"]
[Source "ChessBase"]
[SourceQuality "1"]

{[%evp 16,43,18,22,29,14,11,0,0,0,0,0,0,0,0,0,0,-538,119,124,142,160,154,156,191,162,268,259,374,365]} 1. e4 c5 2. Nf3 Nc6 3. Bb5 d6 4. O-O Bd7 5. Re1 Nf6 6. c3 a6 7. Bf1 Bg4 8. h3 Bxf3 9. Qxf3 e6 {B51: Sicilian: Moscow Variation (3 Bb5+) without 3...Bd7} 10. Qg3 (10. d3 Be7 11. Nd2 O-O 12. g3 d5 13. Qe2 b5 14. Bg2 Rb8 15. Nf3 Qb6 16. exd5 Nxd5 17. Ng5 Bxg5 18. Bxg5 {½-½ (31) Jones,G (2681)-Bu,X (2731) Astana 2019}) 10... Be7 11. Qxg7 Rg8 {The position is equal.} 12. Qh6 Ne5 {[#] Strongly threatening ...Nf3+.} 13. Qe3 Nh5 $1 {And now ...Bg5 would win.} 14. d4 Bg5 $1 {[%cal Rg5e3]} 15. Qe2 Bxc1 16. Rxc1 $146 {[%mdl 8192]} (16. Qxh5 $11 Bxb2 17. dxe5 Bxa1 18. Qf3) ({Predecessor:} 16. Qxh5 Bxb2 17. dxe5 Bxa1 18. Qxh7 {½-½ (30) Haug,J (2357)-Levitsky,A (2155) Prague 2018}) 16... Qg5 $2 (16... Nf4 $19 17. Qe3 {[#]} Rxg2+ $3 {[%mdl 512]} 18. Bxg2 (18. Kh1 $2 Qg5 $19) 18... Qg5 19. Qxf4 Qxf4) 17. Na3 $16 ({Reject} 17. dxe5 $6 Qxc1 18. Qxh5 Qxb2 $11) 17... Nf4 18. Qe3 Ned3 {White must now prevent ...cxd4.} 19. Rc2 b5 20. g3 c4 (20... Nxh3+ {was worth a try.} 21. Bxh3 Qxe3 22. fxe3 Rxg3+ 23. Rg2 Rxg2+ 24. Bxg2 Nxb2) 21. b3 $18 d5 (21... f5 $142 22. exf5 (22. bxc4 fxe4 23. Qxe4 {[%mdl 64] Double Attack} d5 $18) 22... d5 23. fxe6 Rb8) 22. exd5 {[%mdl 32768] Accuracy: White = 69%, Black = 47%. . An unexpected result.} 1/2-1/2

[Event "7th Cesme Open-A 2019"]
[Site "Cesme"]
[Date "2019.06.29"]
[Round "8"]
[White "Barsov, Alexei"]
[Black "Bashirov, Teymur"]
[Result "*"]
[WhiteElo "2397"]
[BlackElo "2238"]
[Annotator "NA RC"]
[PlyCount "75"]
[EventDate "2019.06.24"]
[EventType "swiss"]
[EventCountry "TUR"]
[SourceTitle "playchess.com"]
[Source "ChessBase"]
[SourceQuality "1"]
[TimeControl "5400+30"]

1. d4 {[%emt 0:06:30]} Nf6 {[%emt 0:00:30]} 2. c4 {[%emt 1:23:29]} c5 {[%emt 1:30:30]} 3. e3 {[%emt 0:00:30]} cxd4 {[%emt 0:00:30]} 4. exd4 {[%emt 0:00:30]} g6 {[%emt 0:00:30]} 5. Nc3 {[%emt 0:00:30]} d5 {[%emt 0:00:30]} 6. Qb3 {[%emt 0:00:30]} Bg7 {[%emt 0:00:30]} 7. cxd5 {[%emt 0:00:30]} O-O {[%emt 0:00:30]} 8. Be2 {[%emt 0:00:30]} Qb6 {[%emt 0:00:30]} 9. Qxb6 {[%emt 0:00:30]} axb6 {[%emt 0:00:30]} 10. Nf3 {[%emt 0:00:30]} Rd8 {[%emt 0:00:30]} 11. Bc4 {[%emt 0:00:30]} Na6 {[%emt 0:00:30]} 12. Bg5 {[%emt 0:00:30]} Nb4 {[%emt 0:00:30]} 13. Bxf6 {[%emt 0:00:30]} Bxf6 {[%emt 0:00:30]} 14. O-O {[%emt 0:00:30]} Bf5 {[%emt 0:00:30]} 15. h3 {[%emt 0:00:30]} h5 {[%emt 0:00:30]} 16. a3 {[%emt 0:00:30]} Nc2 {[%emt 0:00:30]} 17. Rad1 {[%emt 0:00:30]} Rac8 {[%emt 0:00:30]} 18. Bd3 {[%emt 0:00:30]} Nxa3 {[%emt 0:00:30]} 19. Bxf5 {[%emt 0:00:30]} gxf5 {[%emt 0:00:30]} 20. Na4 {[%emt 0:00:30]} Nc4 {[%emt 0:00:30]} 21. b3 {[%emt 0:00:30]} b5 {[%emt 0:00:30]} 22. Nc5 {[%emt 0:00:30]} Nd6 {[%emt 0:00:30]} 23. Rfe1 {[%emt 0:00:30]} Kh7 {[%emt 0:00:30]} 24. Ne5 {[%emt 0:00:30]} Rg8 {[%emt 0:00:30]} 25. Ncd7 {[%emt 0:00:30]} Bg7 {[%emt 0:00:30]} 26. Rd3 {[%emt 0:00:30]} Rgd8 {[%emt 0:00:30]} 27. Nc5 {[%emt 0:00:30]} h4 {[%emt 0:00:30]} 28. Rf3 {[%emt 0:00:30]} Kg8 {[%emt 0:00:30]} 29. Rf4 {[%emt 0:00:30]} Bf6 {[%emt 0:00:30]} 30. Nf3 {[%emt 0:00:30]} Ra8 {[%emt 0:00:30]} 31. Re3 {[%emt 0:00:30]} Ra1+ {[%emt 0:00:30]} 32. Kh2 {[%emt 0:00:30]} Kh8 {[%emt 0:00:30]} 33. Nd3 {[%emt 0:00:30]} Rb1 {[%emt 0:00:30]} 34. Nde5 {[%emt 0:00:30]} Rb2 {[%emt 0:00:30]} 35. Nxh4 {[%emt 0:00:30]} Bg5 {[%emt 0:00:30]} 36. Ref3 {[%emt 0:00:30]} Kg7 {[%emt 0:00:30]} 37. g4 {[%emt 0:00:30]} Kf6 {[%emt 0:00:30]} 38. gxf5 {[%emt 0:00:30]} *

[Event "7th Cesme Open-A 2019"]
[Site "Cesme"]
[Date "2019.06.29"]
[Round "8"]
[White "Tuncer, Tuna"]
[Black "Ozkan, Ervin"]
[Result "1-0"]
[WhiteElo "2365"]
[BlackElo "2159"]
[Annotator "NA"]
[PlyCount "55"]
[EventDate "2019.06.24"]
[EventType "swiss"]
[EventCountry "TUR"]
[SourceTitle "playchess.com"]
[Source "ChessBase"]
[SourceQuality "1"]
[TimeControl "5400+30"]

1. e4 {[%emt 0:00:30]} e5 {[%emt 0:01:30]} 2. Nf3 {[%emt 0:00:00]} Nf6 {[%emt 0:00:30]} 3. d4 {[%emt 0:00:00]} Nxe4 {[%emt 0:00:30]} 4. Bd3 {[%emt 0:00:30]} d5 {[%emt 0:00:00]} 5. Nxe5 {[%emt 0:00:30]} Nd7 {[%emt 0:01:00]} 6. Nxd7 {[%emt 0:00:30]} Bxd7 {[%emt 0:00:00]} 7. O-O {[%emt 0:00:30]} Bd6 {[%emt 0:00:00]} 8. Nc3 {[%emt 0:00:30]} Nxc3 {[%emt 0:14:30]} 9. bxc3 {[%emt 0:00:00]} O-O {[%emt 0:00:30]} 10. Qh5 {[%emt 0:00:00] C43: Petroff Defence: 3 d4} f5 {[%emt 0:03:30]} 11. Re1 {[%emt 0:00:30]} Qf6 {[%emt 0:03:30]} (11... c6 12. Bg5 Qc7 13. Re3 g6 14. Qh4 Rae8 15. Rae1 Rxe3 16. Rxe3 Re8 17. c4 Rxe3 18. Bxe3 {1-0 (44) Nepomniachtchi,I (2771)-Yu,Y (2761) Astana 2019}) 12. Qf3 {[%emt 0:00:30]} Bc6 {[%emt 0:05:30]} 13. Bf4 {[%emt 0:00:30]} Bxf4 $146 {[%emt 0:08:30]} ({Predecessor:} 13... g6 14. Be5 Bxe5 15. dxe5 Qe6 16. Qf4 Kg7 17. h4 h6 18. Re3 b6 19. a4 a5 20. Bf1 Rae8 21. Rd1 Rd8 22. Be2 Bb7 23. Rg3 Kh7 24. Re3 {½-½ (24) Vorontsov,G (2027)-Kuuse,K (2041) ICCF email 2017}) 14. Qxf4 {[%emt 0:00:30]} Qd6 {[%emt 0:01:30]} 15. Re5 {[%emt 0:09:30]} Rae8 {[%emt 0:02:30]} 16. Rae1 {[%emt 0:11:30]} Rxe5 {[%emt 0:01:30]} 17. Rxe5 {[%emt 0:01:30]} g6 {[%emt 0:03:30]} 18. Qe3 {[%emt 0:18:30]} f4 {[%emt 0:09:30]} 19. Qe1 {[%emt 0:08:30]} Qd7 {[%emt 0:11:30]} 20. c4 $14 {[%emt 0:06:30]} dxc4 {[%emt 0:11:11]} 21. Bxc4+ {[%emt 0:00:30]} Kh8 {[%emt 0:00:29]} 22. d5 {[%emt 0:00:30]} Ba4 {[%emt 0:00:45]} 23. Re7 {[%emt 0:02:30]} Qd6 {[%emt 0:00:45]} 24. Qa1+ {[%emt 0:03:30]} Qf6 {[%emt 0:00:30]} 25. Qxf6+ {[%emt 0:00:30]} Rxf6 {[%emt 0:00:30]} 26. Rxc7 {[%emt 0:00:00]} Bxc2 {[%emt 0:04:55]} 27. Rxb7 {[%emt 0:01:00]} a5 {[%emt 0:00:18]} 28. f3 {[%emt 0:01:30]} 1-0

[Event "7th Cesme Open-A 2019"]
[Site "Cesme"]
[Date "2019.06.29"]
[Round "8"]
[White "Koksal, Ege"]
[Black "Dogan, Nazmi Can"]
[Result "1/2-1/2"]
[WhiteElo "2363"]
[BlackElo "2276"]
[Annotator "ChessBase"]
[PlyCount "51"]
[EventDate "2019.06.24"]
[EventType "swiss"]
[EventCountry "TUR"]
[SourceTitle "playchess.com"]
[Source "ChessBase"]
[SourceQuality "1"]
[TimeControl "5400+30"]

1. d4 {[%emt 0:10:30]} d6 {[%emt 0:00:30]} 2. Nf3 {[%emt 0:00:30]} Bg4 {[%emt 0:00:00]} 3. Nbd2 {[%emt 0:00:00]} Nd7 {[%emt 0:02:00]} 4. h3 {[%emt 0:01:00]} Bh5 {[%emt 0:00:00]} 5. b3 {[%emt 0:03:30]} e6 {[%emt 0:06:00]} 6. Bb2 {[%emt 0:01:30]} Ngf6 {[%emt 0:01:30]} 7. e3 {[%emt 0:02:30]} Be7 {[%emt 0:11:30]} 8. Be2 {[%emt 0:00:30]} c6 {[%emt 0:00:30]} 9. O-O {[%emt 0:00:00]} O-O {[%emt 0:05:30]} 10. c4 {[%emt 0:03:00]} a5 {[%emt 0:14:30]} 11. a3 Qb8 {[%emt 0:00:30]} 12. b4 {[%emt 0:11:00]} b6 {[%emt 0:13:30]} 13. Bc3 {[%emt 0:07:30]} axb4 {[%emt 0:03:30]} 14. axb4 {[%emt 0:00:30]} Qb7 {[%emt 0:00:30]} 15. Qc2 {[%emt 0:01:30]} Bg6 {[%emt 0:01:30]} 16. Bd3 {[%emt 0:03:30]} Bxd3 {[%emt 0:01:30]} 17. Qxd3 {[%emt 0:00:30]} Rxa1 {[%emt 0:00:00]} 18. Rxa1 {[%emt 0:01:30]} Ra8 {[%emt 0:00:00]} 19. Qb1 {[%emt 0:03:30]} Ra7 {[%emt 0:00:30]} 20. Qb2 {[%emt 0:14:30]} Qa8 {[%emt 0:00:30]} 21. Ne1 {[%emt 0:10:30]} Rxa1 {[%emt 0:02:30]} 22. Qxa1 {[%emt 0:00:30]} Qxa1 {[%emt 0:00:30]} 23. Bxa1 {[%emt 0:00:00]} Ne8 {[%emt 0:00:30]} 24. Nd3 {[%emt 0:00:00]} Nc7 {[%emt 0:00:30]} 25. Kf1 {[%emt 0:01:30]} f5 {[%emt 0:02:30]} 26. Ke2 {[%emt 0:02:30]} 1/2-1/2